Welcome to the Holygrace Academy Library

Please use search bar below to get started

ALL ABOUT NATIONS (Record no. 3076)

MARC details
000 -LEADER
fixed length control field 00279nam a22001217a 4500
082 ## - DEWEY DECIMAL CLASSIFICATION NUMBER
Classification number 001
Item number NED/A
100 ## - MAIN ENTRY--AUTHOR NAME
Personal name NEDUMBRAM,SANTHOSH
245 ## - TITLE STATEMENT
Title ALL ABOUT NATIONS
260 ## - PUBLICATION, DISTRIBUTION, ETC. (IMPRINT)
Place of publication TRIVANDRUM
Name of publisher PRASANTHI PUBLISHERS
300 ## - PHYSICAL DESCRIPTION
Number of Pages 384
650 ## - SUBJECT ADDED ENTRY--TOPICAL TERM
Topical Term GENERAL AWARENESS
Geographic subdivision KERALA
942 ## - ADDED ENTRY ELEMENTS (KOHA)
Koha item type Books
Holdings
Withdrawn status Lost status Collection code Home library Current library Shelving location Date acquired Source of acquisition Full call number Accession Number Koha item type
    Reference Main Library Main Library SHELF 2-H -WORLD OF FACTS,ALL ABOUT NATION&ENCYCLOPEDIAS 20/05/2004 PURCHASE 001 NED/A 04460 Books